El hecho jurd̕ico restaurable

Bibliographic Details
Main Author: Conforti, Franco
Format: eBook
Language:Spanish
Published: Madrid: Dykinson, 2019
Subjects:
Online Access:Acceso restringido

MARC

LEADER 00000nam a22000007a 4500
005 2019072501311.0
007 cr|||| ||||
008 190725s2019 es |||||s|||| 00||0 spa d
020 |a 978-84-1324-031-2 
035 |a 23787 
040 |a vLex 
090 |c 9065  |d 9065 
100 1 |a Conforti, Franco 
245 1 2 |a El hecho jurd̕ico restaurable  |h [Recurso electrn̤ico] /  |c Franco Conforti 
256 |a Servicio en ln̕ea 
260 |a Madrid:  |b Dykinson,  |c 2019 
300 |a 1 recurso electrn̤ico 
506 1 |a Disponible solo en los productos indicados  |d vLex Global  |d vLex Global (Academic Edition, excluding Law Schools)  |d vLex Global (U.S. Academic Edition, Law Schools)  |d vLex Global (U.S. Academic Edition, excluding Law Schools)  |d vLex Global (Academic Edition, Law Schools) 
650 0 4 |a Derecho Penal  |z Espaą 
740 0 |a vLex Libros (Servicio en ln̕ea) 
856 4 0 |u http://vlex.com/source/hecho-juridico-restaurable-23787  |z Acceso restringido 
942 |c BOOK 
999 0 |a Criminal law